000 00291nam a2200109Ia 4500
008 200302s9999 xx 000 0 und d
100 _aMareike Krautheim and Others
245 _aCity and wind Climate as an Architectural instrument
260 _bDom Publishrs
260 _c2014
300 _a207
999 _c6564
_d6564